| 000 | 00968cam a22002531 4500 | ||
|---|---|---|---|
| 001 | gs 17000386 | ||
| 003 | DLC | ||
| 005 | 20260227111321.0 | ||
| 008 | 790411s1917 cauab b s001 0 eng c | ||
| 010 | _ags 17000386 | ||
| 035 | _a(OCoLC)4846014 | ||
| 040 |
_aU.S. Geol. Survey _cMiDW _dDLC |
||
| 042 | _apremarc | ||
| 050 | 0 | 0 |
_aTN24.C2 _bM4 |
| 100 | 1 |
_aMerrill, Frederick J. H. _q(Frederick James Hamilton), _d1861-1916. |
|
| 245 | 0 | 0 |
_aMines and mineral resources of Los Angeles County, Orange County, Riverside County, _cby Frederick J. H. Merrill. |
| 260 |
_aSacramento, _bCalifornia state printing office, 1917. |
||
| 300 |
_a136 p. _billus., fold. tables _c23 cm. |
||
| 500 | _aAt head of title: California. State Mining Bureau. | ||
| 500 | _a"Chapters of state mineralogist's report, biennial period, 1915-1916." | ||
| 504 | _aContains bibliographies. | ||
| 650 | 0 |
_aMines and mineral resources _zCalifornia. |
|
| 710 | 2 | _aCalifornia State Mining Bureau. | |
| 999 |
_c25790 _d25790 |
||